Colección histórico-diplomática del Ayuntamiento de Oviedo / (Record no. 159635)

MARC details
000 -LEADER
campo de control de longitud fija 00968nam a2200229 i 4500
001 - NÚMERO DE CONTROL
campo de control 159635
003 - IDENTIFICADOR DE NÚMERO DE CONTROL
campo de control ES-MaACL
005 - FECHA Y HORA DE LA ÚLTIMA TRANSACCIÓN
campo de control 20231226204516.0
008 - DATOS DE LONGITUD FIJA--INFORMACIÓN GENERAL
campo de control de longitud fija 931025s1889 sp |||| | spa d
110 1# - ENTRADA PRINCIPAL--NOMBRE DE ENTIDAD CORPORATIVA
Nombre de entidad corporativa o nombre de jurisdicción como elemento de entrada Oviedo.
Unidad subordinada Ayuntamiento.
9 (RLIN) 6084
245 10 - MENCIÓN DEL TÍTULO
Título Colección histórico-diplomática del Ayuntamiento de Oviedo /
Mención de responsabilidad, etc. por Ciriaco Miguel Vigil ; precedida de un discurso preliminar por Manuel Pedregal y Cañedo.
260 ## - PUBLICACIÓN, DISTRIBUCIÓN, ETC.
Lugar de publicación, distribución, etc. Oviedo :
Nombre del editor, distribuidor, etc. Pardo, Gusano y Compañía,
Fecha de publicación, distribución, etc. 1889.
300 ## - DESCRIPCIÓN FÍSICA
Extensión XXXIV, 556 p. ;
Dimensiones 32 cm.
530 ## - NOTA DISPONIBLE DE FORMULARIO FÍSICO ADICIONAL
Nota de formato físico adicional disponible Disponible en formato digital.
597 ## - NOTA DE DESCRIPCIÓN FÍSICA
NOTA DE DESCRIPCIÓN FÍSICA Port. con esc.
651 #4 - PUNTO DE ACCESO ADICIONAL DE MATERIA--NOMBRE GEOGRÁFICO
Nombre geográfico Oviedo-
Subdivisión general Historia-
Subdivisión de forma Fuentes.
9 (RLIN) 157987
700 1# - ENTRADA AGREGADA--NOMBRE PERSONAL
Nombre de persona Miguel Vigil, Ciriaco.
9 (RLIN) 129911
700 1# - ENTRADA AGREGADA--NOMBRE PERSONAL
Nombre de persona Pedregal Cañedo, Manuel,
Fechas asociadas al nombre 1831-1896
9 (RLIN) 130930
852 ## - LOCALIZACIÓN
Ubicación ES-MaACL
Número de control de estantería B-2146
Nota libre - Enc. hol.
856 ## - LOCALIZACIÓN Y ACCESO ELECTRÓNICOS
Identificador Uniforme de Recursos <a href="http://bibliotecavirtual.asturias.es/i18n/catalogo_imagenes/grupo.cmd?path=1002431">http://bibliotecavirtual.asturias.es/i18n/catalogo_imagenes/grupo.cmd?path=1002431</a>
Nota pública Biblioteca Virtual del Principado de Asturias
Holdings
Estatus retirado Estado de pérdida Estado de daño No para préstamo Colección Biblioteca de origen Biblioteca actual Ubicación en estantería Fecha de adquisición Fuente de adquisición Total de préstamos Signatura topográfica completa Código de barras Visto por última vez Precio de reemplazo Tipo de ítem Koha
        Colección digital Biblioteca del Ateneo de Madrid Biblioteca del Ateneo de Madrid Sala Pardo Bazán 17/01/2008     B-2146 1167120 23/02/2023 23/02/2023 Libro impreso antiguo